000 01940cam a22004575i 4500
999 _c2600
_d2600
003 EG-ScBUE
005 20200130134947.0
008 091012r20102006enka f 000 0 eng d
020 _a9780194575348 (student's book)
020 _a0194575349 (student's book)
020 _a9780194575362 (Class audio CDs)
020 _a0194575365 (Class audio CDs)
020 _a0194575373 (Class cassettes)
020 _a9780194575379 (Class cassettes)
040 _aEG-ScBUE
_beng
_erda
_cEG-ScBUE
_dEG-ScBUE
082 0 4 _a428.24076
_bHAI
_222
100 1 _aHaines, Simon F. E.,
_eauthor.
_916122
245 1 0 _aIELTS masterclass.
_pStudent's book /
_cSimon Haines, Peter May.
264 1 _aOxford :
_bOxford University Press,
_c2010.
300 _a191 pages :
_billustrations (some color) ;
_c28 cm
336 _atext
_btxt
_2rdacontent
336 _aspoken word
_bspw
_2rdacontent
337 _aunmediated
_bn
_2rdamedia
337 _aaudio
_bs
_2rdamedia
338 _avolume
_bnc
_2rdacarrier
338 _aaudio disc
_bsd
_2rdacarrier
338 _aaudiocassette
_bss
_2rdacarrier
500 _a"First published in 2006"-- Page 4 of cover.
501 _aWith: Class Audio CDs. CD 1, Units 1-7 -- CD 2, Units 8-14.
501 _aWith: Cassette 1, Side 1, Units 1-4 -- Side 2, Units 5-7 -- Cassette 2, Side 1, Units 8-11 -- Side 2, Units 12-14.
650 7 _aInternational English Language Testing System
_vStudy guides.
_2BUEsh
_936012
650 7 _aEnglish language
_vExaminations, questions, etc.
_2BUEsh
650 7 _aEnglish language
_vTextbooks for foreign speakers.
_2BUEsh
650 7 _aEnglish language
_vSound recordings for foreign speakers.
_2BUEsh
_936029
650 7 _aEnglish language
_vStudy and teaching as a second language.
_2BUEsh
650 7 _aEnglish language
_xStudy and teaching
_xForeign speakers.
_2BUEsh
651 _2BUEsh
653 _bHHUUEENN
_cDecember2017
700 1 _aMay, Peter,
_eauthor.
942 _cNB
_2ddc